000 00346nam a2200145Ia 4500
008 150201s2011 xx 000 0 und d
082 _a611
_bA11S
100 _aSINGH, VISHRAM
245 _aANTOMY OF HEAD , NEAK & BRAIN
250 _a1ST
260 _bELSEVIER
_aDELHI
_c2011
300 _a1-484
650 _aHUMAN ANATOMY
942 _2ddc
_cBK
_03
999 _c1264
_d1264